| 000 | 01255nam a22003617a 4500 | ||
|---|---|---|---|
| 003 | CHAP | ||
| 005 | 20220329135204.0 | ||
| 008 | 971013s1973 r 00010 d | ||
| 010 | _a32329 | ||
| 011 | _a33301 | ||
| 035 | _a37416 | ||
| 040 | _cCHAP | ||
| 082 |
_a634.63 _bM3 |
||
| 100 | 0 | 0 |
_aMasoliver García, Francisco. _972771 |
| 245 |
_aTratamientos del olivo _b: guía práctica |
||
| 260 |
_aLérida, España : _bDilagro, _c1973 |
||
| 300 |
_a104 p. _b: ilus |
||
| 490 | _aPlagas y Enfermedades de los frutales | ||
| 500 | _ac.3 focopia | ||
| 590 |
_aBATCH-UPD _b10 _c20130110 _lUCH01 _h0236 |
||
| 590 |
_aBATCH-UPD _b10 _c20130110 _lUCH01 _h2117 |
||
| 590 |
_aBATCH-UPD _b10 _c20130409 _lUCH01 _h2302 |
||
| 590 |
_aBATCH-UPD _b10 _c20130914 _lUCH01 _h1802 |
||
| 590 |
_aCONVERSION _b10 _c20130109 _lUCH01 _h1318 |
||
| 650 | 1 | 4 |
_aOlivo _xEnfermedades. _983132 |
| 650 | 1 | 4 |
_aOlivo _xPlagas. _983138 |
| 830 | 0 |
_aPlagas y Enfermedades de los frutales _988639 |
|
| 901 | _aBK | ||
| 942 | _cLIBRO | ||
| 949 |
_a634.63 M3 _bBC _cLIBRO _d33724000205803 _eLIBRO _fc.2 _h38549 _i37416 _si _t37.50 |
||
| 949 |
_a634.63 M3 _bBC _cLIBRO _d33724000205811 _eLIBRO _h38548 _i37416 _si _t37.50 |
||
| 949 |
_a634.63 M3 _bBC _cLIBRO _d33724000205860 _eLIBRO _fc.3 _h59273 _i37416 _si _t37.50 |
||
| 999 |
_c32329 _d32329 |
||